La Fontaine de la guérison (notice n° 1605651)

détails MARC
000 -LEADER
fixed length control field 01562cam a2200181 4500500
005 - DATE AND TIME OF LATEST TRANSACTION
control field 20251228095136.0
041 ## - LANGUAGE CODE
Language code of text/sound track or separate title fre
042 ## - AUTHENTICATION CODE
Authentication code dc
100 10 - MAIN ENTRY--PERSONAL NAME
Personal name Bouit, Delphine
Relator term author
245 00 - TITLE STATEMENT
Title La Fontaine de la guérison
260 ## - PUBLICATION, DISTRIBUTION, ETC.
Date of publication, distribution, etc. 2022.<br/>
500 ## - GENERAL NOTE
General note 15
520 ## - SUMMARY, ETC.
Summary, etc. Dans les notes consécutives à son bref séjour en France de 1911, Kafka consacre deux lignes au sergent Hoff devenu célèbre durant le siège de Paris de 1870 pour avoir vengé son père en tuant des Prussiens. Son résumé tronqué laissant croire à une supercherie, il convient de démêler dans son œuvre les motifs secrets de cette altération.
520 ## - SUMMARY, ETC.
Summary, etc. In the notes Kafka took after his brief trip to France in 1911, there are two lines about Sergeant Hoff, who became famous during the siege of Paris in 1870 for having avenged his father by killing Prussian soldiers. Since the short summary leads us to think there is a hoax, this article will seek to unravel the secret motivations for this alteration and identify them in his work.
520 ## - SUMMARY, ETC.
Summary, etc. Nas notas que redige depois da sua breve estada em França em 1911, Kafka consagra duas linhas ao sargento Hoff que ficara célebre durante o cerco de Paris de 1870 por ter vingado o seu pai matando prussianos. Uma vez que este resumo truncado sugere um logro, convém destrinçar, na sua obra, os motivos segredos que deram origem a esta alteração.
786 0# - DATA SOURCE ENTRY
Note Sigila | 49 | 1 | 2022-07-04 | p. 21-21 | 1286-1715
856 41 - ELECTRONIC LOCATION AND ACCESS
Uniform Resource Identifier <a href="https://shs.cairn.info/revue-sigila-2022-1-page-21?lang=fr&redirect-ssocas=7080">https://shs.cairn.info/revue-sigila-2022-1-page-21?lang=fr&redirect-ssocas=7080</a>

Pas d'exemplaire disponible.

PLUDOC

PLUDOC est la plateforme unique et centralisée de gestion des bibliothèques physiques et numériques de Guinée administré par le CEDUST. Elle est la plus grande base de données de ressources documentaires pour les Étudiants, Enseignants chercheurs et Chercheurs de Guinée.

Adresse

627 919 101/664 919 101

25 boulevard du commerce
Kaloum, Conakry, Guinée

Réseaux sociaux

Powered by Netsen Group @ 2025